Sustainability of Digital Public Spaces

Základné problémy udržateľnosti verejných digitálnych priestorov - rozpočet, rozsah služieb a rozsah užívateľov.

Salvato in:
Dettagli Bibliografici
Autore principale: Hudák, Matej, 1984-
Natura: Capitolo di libro
Lingua:inglese
Soggetti:
Tags: Aggiungi Tag
Nessun Tag, puoi essere il primo ad aggiungerne!!

MARC

LEADER 00000naa a2200000 4500
001 0209810
005 20240502073506.6
041 0 |a eng 
044 |a SK 
245 1 0 |a Sustainability of Digital Public Spaces  |c Matej Hudák 
520 |a Základné problémy udržateľnosti verejných digitálnych priestorov - rozpočet, rozsah služieb a rozsah užívateľov. 
610 2 0 |a služby digitálne 
610 2 0 |a rozvoj trvalo udržateľný 
100 1 |a Hudák, Matej, 1984-